Διοικητικό Marketing στο Λιανικό Εμπόριο (Record no. 3644)
[ view plain ]
| 000 -LEADER | |
|---|---|
| fixed length control field | 02775cam a22002174a 4500 |
| 005 - ΗΜΕΡΟΜΗΝΙΑ ΚΑΙ ΩΡΑ ΤΕΛΕΥΤΑΙΑΣ ΕΝΗΜΕΡΩΣΗΣ | |
| Πεδίο ελέγχου | 20250605164121.0 |
| 008 - FIXED-LENGTH DATA ELEMENTS--GENERAL INFORMATION | |
| Πεδίο ελέγχου σταθερού μήκους | 250528s ||||||||||||||||||||||||d |
| 035 ## - SYSTEM CONTROL NUMBER | |
| System control number | 18276 |
| 020 ## - ISBN | |
| ISBN | 9607344294 |
| 040 ## - ΠΗΓΗ ΚΑΤΑΛΟΓΟΓΡΑΦΗΣΗΣ | |
| Φορέας πρωτότυπης καταλογογράφησης | MC Athens Campus Library |
| Γλώσσα καταλογογράφησης | Ελληνικά, Μοντέρνα (1453-) |
| Modifying agency | MC Athens Campus Library |
| Κανόνες περιγραφικής καταλογογράφησης | AACR2 |
| 245 1# - ΤΙΤΛΟΣ ΚΑΙ ΔΗΛΩΣΗ ΥΠΕΥΘΥΝΟΤΗΤΑΣ | |
| Τίτλος | Διοικητικό Marketing στο Λιανικό Εμπόριο |
| 260 ## - PUBLICATION, DISTRIBUTION, ETC. | |
| Name of publisher, distributor, etc. | Σύγχρονη Εκδοτική, |
| Date of publication, distribution, etc. | 1994 |
| 300 ## - PHYSICAL DESCRIPTION | |
| Extent | 272 |
| 505 0# - FORMATTED CONTENTS NOTE | |
| Formatted contents note | Εισαγωγή στο Λιανικό Εμπόριο, Στρατηγικός Προγραμματισμός στο Λιανικό Εμπόριο, Οι Θεσμοί του Λιανικού Εμπορίου, Αναγνώριση και Κατανόηση των Καταναλωτών, Η Έρευνα Marketing στο Λιανικό Εμπόριο, Ανάλυση της Περιοχής Εμπορίου, Η Διοίκηση των Ανθρώπινων Πόρων στο Λιανικό Εμπόριο, Διοίκηση Λειτουργιών, Η Διαχείριση του Μίγματος Προιόντων, Τιμολογιακή Πολιτική στο Λιανικό Εμπόριο, Δημιουργία και Διατήρηση της Εικόνας του Καταστήματος, Στρατηγική Προβολής, Ολοκλήρωση και Έλεγχος της Στρατηγικής του Λιανικού Εμπορίου, Λιανικό Εμπόριο Υπηρεσιών, Το Μεταβαλλόμενο Περιβάλλον του Λιανικού Εμπορίου. |
| 520 ## - SUMMARY, ETC. | |
| Summary, etc. | Εισαγωγή στο Λιανικό Εμπόριο, Στρατηγικός Προγραμματισμός στο Λιανικό Εμπόριο, Οι Θεσμοί του Λιανικού Εμπορίου, Αναγνώριση και Κατανόηση των Καταναλωτών, Η Έρευνα Marketing στο Λιανικό Εμπόριο, Ανάλυση της Περιοχής Εμπορίου, Η Διοίκηση των Ανθρώπινων Πόρων στο Λιανικό Εμπόριο, Διοίκηση Λειτουργιών, Η Διαχείριση του Μίγματος Προιόντων, Τιμολογιακή Πολιτική στο Λιανικό Εμπόριο, Δημιουργία και Διατήρηση της Εικόνας του Καταστήματος, Στρατηγική Προβολής, Ολοκλήρωση και Έλεγχος της Στρατηγικής του Λιανικού Εμπορίου, Λιανικό Εμπόριο Υπηρεσιών, Το Μεταβαλλόμενο Περιβάλλον του Λιανικού Εμπορίου. |
| 700 1# - ΠΡΟΣΘΕΤΗ ΑΝΑΓΡΑΦΗ--ΦΥΣΙΚΟ ΠΡΟΣΩΠΟ | |
| Personal name | Κιουλαφας Κ.Κ |
| 9 (RLIN) | 1044 |
| 700 1# - ΠΡΟΣΘΕΤΗ ΑΝΑΓΡΑΦΗ--ΦΥΣΙΚΟ ΠΡΟΣΩΠΟ | |
| Personal name | Κυριαζόπουλος Π. Γ |
| 9 (RLIN) | 2543 |
| 942 ## - ADDED ENTRY ELEMENTS (KOHA) | |
| Koha item type | Books |
| Τύπος τεκμηρίου | Βιβλιοθήκη | Τρέχουσα τοποθεσία | Barcode | Αριθμός εισαγωγής | Ημερομηνία απόκτησης | Ταξιθετικό σύμβολο | Αριθμός αντιτύπου | Κατάσταση απόσυρσης | Κατάσταση χαμένου | Κατάσταση κατεστραμμένου | Μη δανεισμός | Σύνολο δανεισμών | Ημερομηνία τελευταίας εμφάνισης | Η τιμή ισχύει από |
|---|---|---|---|---|---|---|---|---|---|---|---|---|---|---|
| Books | MC Athens Campus Library | MC Athens Campus Library | 9780000036438 | 2854 | 05/06/2025 | 658.87 KIO | 1 | 05/06/2025 | 05/06/2025 |